000
00292nam a2200121Ia 4500
008
240624s9999 xx 000 0 und d
041
_a
eng
082
_a
823 BAL
100
_a
BALDACCI DAVID
245
_a
KING AND MAXWELL
260
_c
2014
_a
London
_b
Pan Books
300
_a
611 : p. : cm. ; 22
999
_c
27762
_d
27762